Statistiken für Kategorien von Quizduell

Klicken Sie hier um das Quiz zu spielen!

Allgemein

  • Dieses Quiz wurde 186 mal gespielt
  • Das Durchschnittsergebnis liegt bei 11 aus 19

Antwortstatistiken

Kategorie% Korrekt
Draußen im Grünen
80%
Zeugen der Zeit
75%
Sport & Freizeit
74%
Essen & Trinken
72%
Rund um die Welt
72%
Im Labor
69%
Bücher & Wörter
66%
Kinofilme
60%
TV-Serien
60%
Glaube & Religion
58%
Musik & Hits
57%
Wunder der Technik
57%
Comics
56%
Die 2000er
52%
Kunst & Kultur
50%
Körper & Geist
43%
Medien & Unterhaltung
43%
Computerspiele
42%
Macht & Geld
40%

Verteilung der Resultate

Perzentil nach korrekt beantworteten Fragen

Anzahl Personen mit jedem Resultat

Ihre Resultats-Entwicklung

Sie haben dieses Quiz noch nicht gespielt